Представление документа в формате MARC21

Поле Инд. ПП Название Значение
Тип записи a
Библиографический уровень b
001 Контрольный номер 0927a8b98fb545c0be5108a294b52286
005 Дата корректировки 20190903151446.4
084 a Индекс другой классификации/Индекс ББК 67.910.3+63.3(2)6-6
090 f Сигла хранения (DOS) чз
100 1_ a Автор Сенников С. А.
245 10 a Заглавие Правовые особенности осуществления рыболовства в морском районе архипелага Шпицберген
583 x Служебное примечание Арктические исследования
x Служебное примечание Краеведческий каталог
651 _4 a Географическое наименование Шпицберген, архипелаг
651 _4 a Географическое наименование Северо-Восточная Атлантика
653 0_ a Ключевые слова Двухсотмильная зона
a Ключевые слова Договор о Шпицбергене 1920 г.
a Ключевые слова Исследования арктические
a Ключевые слова Правовой статус Шпицбергена
a Ключевые слова Правовые вопросы рыболовства
a Ключевые слова Российско-норвежские отношения в зоне Шпицбергена
a Ключевые слова Договоры
773 18 t Название источника Рыбное хозяйство
d Место и дата издания 2014
g Прочая информация № 4. - С. 52-58
901 t Тип документа b